[Event "34. Copenhagen Open (Politiken Cup)"]
[Site "Elsinore"]
[Date "2012.07.30"]
[Round "4"]
[White "Hinrichs, Lars"]
[Black "Emborg, Jens"]
[Result "1-0"]
[WhiteElo "1877"]
[BlackElo "1649"]
[PlyCount "81"]
[EventDate "2012.07.28"]
[EventType "swiss"]
[EventRounds "10"]
[EventCountry "DEN"]
[Source "ChessBase"]
[SourceDate "2012.08.24"]

1. e4 e6 2. d4 d5 3. Nd2 Nf6 4. Bd3 c5 5. e5 Nfd7 6. c3 Nc6 7. Ndf3 Qb6 8. Ne2
f6 9. exf6 Nxf6 10. O-O cxd4 11. Nexd4 Nxd4 12. cxd4 Be7 13. Qe2 O-O 14. Bf4
Bd7 15. Be5 Be8 16. Ng5 h6 17. Nh3 Bh5 18. Qc2 Bd6 19. Nf4 Rac8 20. Qb3 Bb8 21.
Qxb6 axb6 22. Nxe6 Rfe8 23. Bf5 Rc6 24. Bxb8 Rxb8 25. Nf4 Bf7 26. Rac1 Rd8 27.
Rfe1 Rdd6 28. h3 Rxc1 29. Rxc1 Rc6 30. Rc3 Ne4 31. Bxe4 dxe4 32. a3 b5 33. Kf1
Rxc3 34. bxc3 Bc4+ 35. Ke1 Kf7 36. Kd2 g5 37. Ne2 Bxe2 38. Kxe2 Ke6 39. Ke3 Kd5
40. g3 h5 41. h4 1-0

[Event "34. Copenhagen Open (Politiken Cup)"]
[Site "Elsinore"]
[Date "2012.07.30"]
[Round "4"]
[White "Hobber, Anders"]
[Black "Kyrkjebo, Erlend"]
[Result "1-0"]
[WhiteElo "2244"]
[BlackElo "2035"]
[PlyCount "65"]
[EventDate "2012.07.28"]
[EventType "swiss"]
[EventRounds "10"]
[EventCountry "DEN"]
[Source "ChessBase"]
[SourceDate "2012.08.24"]

1. d4 Nf6 2. c3 e6 3. Bg5 c5 4. Nf3 b6 5. e3 Bb7 6. Bd3 d6 7. O-O Nbd7 8. Nbd2
Be7 9. Qe2 Nd5 10. Bxe7 Qxe7 11. Ba6 Bxa6 12. Qxa6 N5f6 13. a4 d5 14. a5 O-O
15. axb6 Nxb6 16. Ne5 Rfc8 17. Nb3 cxd4 18. exd4 Nfd7 19. Nxd7 Qxd7 20. Nc5 Qc7
21. Rfe1 Nd7 22. b4 Nb6 23. Qd3 h6 24. Ra6 Qb8 25. Rea1 Rc7 26. Qg3 Qd8 27. h3
Re7 28. Qh4 Qe8 29. Qg3 Qd8 30. Qh4 Qe8 31. Kh1 Rc7 32. Qf4 Qd8 33. Rxb6 1-0

[Event "34. Copenhagen Open (Politiken Cup)"]
[Site "Elsinore"]
[Date "2012.07.30"]
[Round "4"]
[White "Hojgaard, Brandur"]
[Black "Leutwyler, Martin"]
[Result "0-1"]
[WhiteElo "1686"]
[BlackElo "2190"]
[PlyCount "74"]
[EventDate "2012.07.28"]
[EventType "swiss"]
[EventRounds "10"]
[EventCountry "DEN"]
[Source "ChessBase"]
[SourceDate "2012.08.24"]

1. d4 f5 2. Bg5 g6 3. Nd2 Bg7 4. c3 h6 5. Be3 d6 6. f3 Nc6 7. Bf2 e5 8. d5 Nb8
9. e4 Nf6 10. Qc2 c6 11. dxc6 bxc6 12. Bd3 f4 13. Ne2 O-O 14. g3 g5 15. gxf4
gxf4 16. Bh4 Nbd7 17. O-O-O Nc5 18. Bc4+ Kh8 19. Rhg1 Qe8 20. h3 Qh5 21. Bxf6
Rxf6 22. Rg2 d5 23. Rdg1 dxc4 24. Rxg7 Be6 25. Qd1 Rb8 26. b4 cxb3 27. Nxb3
Bxb3 28. axb3 Qxf3 29. b4 Qe3+ 30. Kb2 a5 31. Ka2 axb4 32. Ra7 b3+ 33. Ka3 b2
34. Rgg7 b1=Q 35. Rh7+ Kg8 36. Rhg7+ Kf8 37. Nc1 Qb2# 0-1

[Event "34. Copenhagen Open (Politiken Cup)"]
[Site "Elsinore"]
[Date "2012.07.30"]
[Round "4"]
[White "Hyldkrog, Lars"]
[Black "Becker, Martin"]
[Result "1-0"]
[WhiteElo "2041"]
[BlackElo "2375"]
[PlyCount "97"]
[EventDate "2012.07.28"]
[EventType "swiss"]
[EventRounds "10"]
[EventCountry "DEN"]
[Source "ChessBase"]
[SourceDate "2012.08.24"]

1. e4 c5 2. Nf3 Nf6 3. Nc3 d5 4. exd5 Nxd5 5. Bc4 e6 6. O-O Nc6 7. Re1 Be7 8.
d4 cxd4 9. Nxd4 Nxc3 10. bxc3 O-O 11. Rb1 Bf6 12. Be3 Nxd4 13. cxd4 Qc7 14. Bd3
b6 15. Qh5 h6 16. Bxh6 Rd8 17. Be3 Bb7 18. Qh7+ Kf8 19. c4 Ke7 20. Qh3 Bxd4 21.
Bxd4 Rxd4 22. Qe3 Rad8 23. Bf1 Qc5 24. Rb5 Qc6 25. Rg5 g6 26. Rg3 Qc5 27. Rxg6
fxg6 28. Qxe6+ Kf8 29. Qf6+ Kg8 30. Qxg6+ Kf8 31. Qf6+ Kg8 32. Re7 Qxe7 33.
Qxe7 R8d7 34. Qe6+ Kf8 35. h3 Rd1 36. Qh6+ Kg8 37. Qg6+ Kh8 38. Qh5+ Kg8 39.
Qg4+ Kf8 40. Kh2 R1d4 41. Qh5 Rg7 42. c5 Rf4 43. cxb6 axb6 44. Qh8+ Kf7 45. Qb8
Rxf2 46. Qxb7+ Kg6 47. Qc8 Kh7 48. Bd3+ Kh6 49. Qh8+ 1-0

[Event "34. Copenhagen Open (Politiken Cup)"]
[Site "Elsinore"]
[Date "2012.07.30"]
[Round "4"]
[White "Joensen, Tor Kristian"]
[Black "Philipsen, William Horup"]
[Result "0-1"]
[WhiteElo "1683"]
[BlackElo "1905"]
[PlyCount "38"]
[EventDate "2012.07.28"]
[EventType "swiss"]
[EventRounds "10"]
[EventCountry "DEN"]
[Source "ChessBase"]
[SourceDate "2012.08.24"]

1. e4 e5 2. Nf3 Nc6 3. Bc4 Nf6 4. d3 Bc5 5. c3 d6 6. Bb3 Bg4 7. Nbd2 Qd7 8. Nf1
O-O-O 9. Ne3 Bh5 10. Nd5 Ne7 11. Ba4 c6 12. b4 Nexd5 13. exd5 Bb6 14. Be3 Nxd5
15. Bxb6 axb6 16. Rc1 Nf4 17. Rg1 Qf5 18. Bc2 Nxg2+ 19. Kf1 Bxf3 0-1

[Event "34. Copenhagen Open (Politiken Cup)"]
[Site "Elsinore"]
[Date "2012.07.30"]
[Round "4"]
[White "Jorgensen, Dennis"]
[Black "Bejtovic, Jasmin"]
[Result "0-1"]
[WhiteElo "2231"]
[BlackElo "2408"]
[PlyCount "104"]
[EventDate "2012.07.28"]
[EventType "swiss"]
[EventRounds "10"]
[EventCountry "DEN"]
[Source "ChessBase"]
[SourceDate "2012.08.24"]

1. d4 Nf6 2. c4 e6 3. Nf3 d5 4. g3 c5 5. cxd5 exd5 6. Bg2 Nc6 7. O-O Be7 8. Bg5
c4 9. Ne5 O-O 10. b3 h6 11. Bf4 cxb3 12. axb3 Nb4 13. Nc3 Bf5 14. Qd2 Ne4 15.
Nxe4 dxe4 16. g4 Bh7 17. Rfc1 Nd5 18. Bg3 Bb4 19. Qb2 f6 20. Nc4 Qd7 21. h3
Rfc8 22. Qc2 b5 23. Bxe4 Bxe4 24. Qxe4 bxc4 25. Rxc4 Kh8 26. Rac1 Re8 27. Qg6
Bd6 28. Bxd6 Qxd6 29. e3 Rad8 30. Rc6 Qb8 31. R6c5 Re7 32. Qf5 Red7 33. Qxd7
Rxd7 34. Rc8+ Qxc8 35. Rxc8+ Kh7 36. Rc5 Kg6 37. Kg2 Kf7 38. Kf3 Ne7 39. Ke4
Rb7 40. Ra5 Ke6 41. d5+ Kd7 42. Ra3 Nc8 43. Kf5 Kd6 44. e4 Ne7+ 45. Kf4 g5+ 46.
Kg3 Ke5 47. f3 Nc8 48. Ra6 Rb6 49. Ra3 a6 50. b4 Nd6 51. Rc3 Rxb4 52. Rc7 Rb7
0-1

[Event "34. Copenhagen Open (Politiken Cup)"]
[Site "Elsinore"]
[Date "2012.07.30"]
[Round "4"]
[White "Karlsson, Ulf"]
[Black "Aartun, Eivind"]
[Result "1/2-1/2"]
[WhiteElo "2012"]
[BlackElo "1777"]
[PlyCount "96"]
[EventDate "2012.07.28"]
[EventType "swiss"]
[EventRounds "10"]
[EventCountry "DEN"]
[Source "ChessBase"]
[SourceDate "2012.08.24"]

1. e4 c5 2. Nc3 e6 3. g3 d5 4. d3 Nc6 5. Bg2 Nf6 6. exd5 exd5 7. Nge2 g6 8. Bg5
Be7 9. Bxf6 Bxf6 10. Bxd5 O-O 11. Bg2 Bg4 12. f3 Be6 13. O-O c4 14. Kh1 Qb6 15.
Qd2 Rfd8 16. Ne4 Bg7 17. Nf4 Qxb2 18. Nxe6 fxe6 19. Rab1 Qxa2 20. Qf4 Rf8 21.
Qd6 cxd3 22. Rxb7 Nd8 23. Rc7 dxc2 24. Ng5 Nf7 25. Nxf7 Rxf7 26. Rxf7 Kxf7 27.
Bh3 Re8 28. Rc1 Qb3 29. Qc6 Bc3 30. Qd7+ Re7 31. Qd3 Qb4 32. Rxc2 Bd4 33. Re2
Qc5 34. Qe4 Qd5 35. Qd3 Qc5 36. Qe4 Qd5 37. Qd3 e5 38. Bg2 Qc5 39. Qb3+ Kg7 40.
Rc2 Qb6 41. Qc4 a5 42. h4 Qb4 43. Qc8 a4 44. h5 gxh5 45. Qf5 Qb6 46. Qg5+ Kf7
47. Qf5+ Qf6 48. Qxh7+ Qg7 1/2-1/2

[Event "34. Copenhagen Open (Politiken Cup)"]
[Site "Elsinore"]
[Date "2012.07.30"]
[Round "4"]
[White "Kristensen, Lars Ostergaard"]
[Black "Helin, Mikael"]
[Result "0-1"]
[WhiteElo "1695"]
[BlackElo "1905"]
[PlyCount "54"]
[EventDate "2012.07.28"]
[EventType "swiss"]
[EventRounds "10"]
[EventCountry "DEN"]
[Source "ChessBase"]
[SourceDate "2012.08.24"]

1. e4 c5 2. Nf3 a6 3. d4 cxd4 4. Nxd4 e6 5. c4 Qc7 6. Nc3 Nf6 7. b3 b6 8. Bb2
Bb7 9. Bd3 Bc5 10. Nf3 Ng4 11. O-O h5 12. Na4 Bd6 13. e5 Bxf3 14. Qxf3 Nxe5 15.
Qxa8 Nxd3 16. Bxg7 Rg8 17. Rad1 Bxh2+ 18. Kh1 Nf4 19. Rxd7 Kxd7 20. Kxh2 Rxg7
21. g3 Ke7 22. Qf3 Ng6 23. Qxh5 Nd7 24. Qg5+ Nf6 25. Rd1 Qc6 26. Kg1 Rh7 27.
Kf1 Qf3 0-1

[Event "34. Copenhagen Open (Politiken Cup)"]
[Site "Elsinore"]
[Date "2012.07.30"]
[Round "4"]
[White "Larsen, Karsten"]
[Black "Schmied, Andreas"]
[Result "1/2-1/2"]
[WhiteElo "2331"]
[BlackElo "2067"]
[PlyCount "163"]
[EventDate "2012.07.28"]
[EventType "swiss"]
[EventRounds "10"]
[EventCountry "DEN"]
[Source "ChessBase"]
[SourceDate "2012.08.24"]

1. e4 e5 2. Bc4 Nf6 3. Nc3 Nxe4 4. Qh5 Nd6 5. Qxe5+ Qe7 6. Qxe7+ Bxe7 7. Bb3
Nc6 8. Nd5 Bd8 9. c3 Ne5 10. Bc2 c6 11. Ne3 O-O 12. b3 Re8 13. Ne2 Ng6 14. f3
Bf6 15. Kf2 b6 16. Re1 Nb7 17. d4 d5 18. a4 Bd7 19. Ba3 Bg5 20. Nf1 Nf4 21. Bc1
Bh4+ 22. g3 Nxe2 23. Rxe2 Rxe2+ 24. Kxe2 Re8+ 25. Kf2 Be7 26. Ne3 g6 27. Ba3
Bxa3 28. Rxa3 f6 29. Ra1 Kf7 30. b4 Nd6 31. Bd3 Be6 32. a5 b5 33. h4 h6 34. Rh1
Kg7 35. Re1 Bd7 36. Rh1 Re7 37. g4 Re8 38. Rg1 Rh8 39. Rg2 Re8 40. Rg1 Rh8 41.
Rg3 Re8 42. Ng2 Be6 43. Nf4 Bf7 44. g5 hxg5 45. hxg5 f5 46. Rh3 Rh8 47. Rxh8
Kxh8 48. Ke3 Kg7 49. Ne2 Kf8 50. Nc1 Ke7 51. Nb3 Be8 52. Nc5 Nf7 53. Kf4 Nd6
54. Be2 Bd7 55. Nd3 Be8 56. Ne5 Kd8 57. Nd3 Ke7 58. Ne1 Bd7 59. Ng2 Be8 60. Bd3
Ke6 61. Nh4 Bf7 62. Ng2 Be8 63. Ke3 Ke7 64. Nf4 Bf7 65. Be2 Be8 66. Nd3 Bd7 67.
Nc5 Be8 68. Kf4 Bd7 69. Na6 Be8 70. Bd3 Bd7 71. Bc2 Be8 72. Bb3 Bd7 73. Nc5 Be8
74. Ba2 Bd7 75. Bb1 Be8 76. Nd3 Ke6 77. Ne1 Bd7 78. Ng2 Be8 79. Nh4 Bf7 80. Bd3
Be8 81. Ke3 Bf7 82. Kf4 1/2-1/2

[Event "34. Copenhagen Open (Politiken Cup)"]
[Site "Elsinore"]
[Date "2012.07.30"]
[Round "4"]
[White "Lofgren, Claes"]
[Black "Nielsen, Kai Gylling"]
[Result "1-0"]
[WhiteElo "2111"]
[BlackElo "1888"]
[PlyCount "67"]
[EventDate "2012.07.28"]
[EventType "swiss"]
[EventRounds "10"]
[EventCountry "DEN"]
[Source "ChessBase"]
[SourceDate "2012.08.24"]

1. d4 Nf6 2. c4 e6 3. g3 d5 4. Bg2 Bb4+ 5. Bd2 Bxd2+ 6. Qxd2 O-O 7. Nf3 c6 8.
Nc3 b6 9. O-O Bb7 10. Rad1 Nbd7 11. b3 Qc7 12. e4 dxe4 13. Ng5 Rad8 14. Ngxe4
Nxe4 15. Nxe4 Rfe8 16. Qc2 Nf8 17. c5 bxc5 18. dxc5 Rxd1 19. Rxd1 f5 20. Nd6
Re7 21. b4 Ng6 22. Qa4 Ba8 23. Qa6 h5 24. Qc8+ Qxc8 25. Nxc8 Rc7 26. Rd8+ Kh7
27. Nd6 Bb7 28. b5 f4 29. Nxb7 Rxb7 30. Bxc6 Re7 31. Rd7 fxg3 32. fxg3 Kg8 33.
Rxe7 Nxe7 34. Bd7 1-0

[Event "34. Copenhagen Open (Politiken Cup)"]
[Site "Elsinore"]
[Date "2012.07.30"]
[Round "4"]
[White "Madison, Sigurd"]
[Black "Poulsen, Iver"]
[Result "0-1"]
[WhiteElo "1799"]
[BlackElo "2081"]
[PlyCount "74"]
[EventDate "2012.07.28"]
[EventType "swiss"]
[EventRounds "10"]
[EventCountry "DEN"]
[Source "ChessBase"]
[SourceDate "2012.08.24"]

1. e4 c5 2. Nf3 Nc6 3. d4 cxd4 4. Nxd4 Nf6 5. Nc3 g6 6. Be2 Bg7 7. Nxc6 bxc6 8.
O-O O-O 9. Be3 Qc7 10. Rb1 Rd8 11. Bf3 Rb8 12. Qd2 d5 13. exd5 cxd5 14. Nxd5
Nxd5 15. Bxd5 e6 16. c4 exd5 17. cxd5 Bf5 18. Rbc1 Qd7 19. Qa5 Qxd5 20. Rc5 Qd3
21. Bg5 Re8 22. Rd5 Qc2 23. b3 Rbc8 24. h3 Qc7 25. Qd2 Be6 26. Rd6 Qc3 27. Rd1
Qxd2 28. R1xd2 Be5 29. R6d3 Rc1+ 30. Rd1 Rxd1+ 31. Rxd1 Rc8 32. Be3 Rc2 33. f4
Bf6 34. f5 Bxf5 35. Bh6 Rxa2 36. g4 Be6 37. Rc1 Ra1 0-1

[Event "34. Copenhagen Open (Politiken Cup)"]
[Site "Elsinore"]
[Date "2012.07.30"]
[Round "4"]
[White "Maechel, Michael"]
[Black "Rosell, Sven"]
[Result "0-1"]
[WhiteElo "1754"]
[BlackElo "1937"]
[PlyCount "98"]
[EventDate "2012.07.28"]
[EventType "swiss"]
[EventRounds "10"]
[EventCountry "DEN"]
[Source "ChessBase"]
[SourceDate "2012.08.24"]

1. e4 c6 2. d4 d5 3. Nc3 dxe4 4. Nxe4 Nf6 5. Nxf6+ gxf6 6. Bc4 Bf5 7. Nf3 Nd7
8. O-O Nb6 9. Bb3 e6 10. c4 Qc7 11. g3 O-O-O 12. Bd2 c5 13. Ba5 Bg4 14. Qe2 h5
15. h4 Rg8 16. Qe3 Bd6 17. Kh2 Bf5 18. Rg1 Rg4 19. Kh1 Be4 20. Rg2 cxd4 21.
Nxd4 Bxg2+ 22. Kxg2 Bc5 23. Nb5 Qc6+ 24. Qf3 Qxf3+ 25. Kxf3 Kb8 26. Bc2 Rxc4
27. Nc3 Rd2 28. Ne4 Rdxc2 29. b3 Rxe4 30. Kxe4 Nd5 31. Rd1 Rxa2 32. Be1 Bxf2
33. Kf3 Bxe1 34. Rxe1 Rb2 35. Rd1 Rxb3+ 36. Kf2 Rb4 37. Rd3 a5 38. Kg2 a4 39.
Kh3 Rg4 40. Ra3 Kc7 41. Rf3 b5 42. Rf2 Kb6 43. Re2 a3 44. Rf2 b4 45. Re2 b3 46.
Rf2 b2 47. Rf1 Rb4 48. g4 Rb3+ 49. Kh2 b1=Q 0-1

[Event "34. Copenhagen Open (Politiken Cup)"]
[Site "Elsinore"]
[Date "2012.07.30"]
[Round "4"]
[White "Marthedal, Anton Mehmet Yildiz"]
[Black "Brondum, Jan Kraul"]
[Result "0-1"]
[WhiteElo "1334"]
[BlackElo "1647"]
[PlyCount "146"]
[EventDate "2012.07.28"]
[EventType "swiss"]
[EventRounds "10"]
[EventCountry "DEN"]
[Source "ChessBase"]
[SourceDate "2012.08.24"]

1. d4 Nf6 2. c4 e6 3. Nc3 Bb4 4. Bg5 Bxc3+ 5. bxc3 d5 6. cxd5 exd5 7. e3 Nbd7
8. Bd3 Nf8 9. Nf3 Bg4 10. Rb1 b6 11. h3 Bh5 12. O-O Ne6 13. Bb5+ Ke7 14. Bxf6+
gxf6 15. Bc6 Rb8 16. Rb5 Ng5 17. g4 Rg8 18. Kg2 Qd6 19. Bxd5 c6 20. Bxf7 Bxf7
21. Rxg5 fxg5 22. Ne5 Bd5+ 23. e4 Bxe4+ 24. f3 Bd5 25. Re1 Kf6 26. c4 Be6 27.
d5 cxd5 28. cxd5 Rbd8 29. Qa1 Qxd5 30. Nc6+ Kf7 31. Nxd8+ Rxd8 32. Qe5 Qxe5 33.
Rxe5 Kf6 34. Re2 Rd3 35. Kg3 Ra3 36. h4 h6 37. hxg5+ hxg5 38. Rh2 Bd5 39. Rh6+
Kg7 40. Rd6 Bxf3 41. Rd7+ Kf6 42. Rd4 Bd5+ 43. Kf2 Rxa2+ 44. Ke1 Ke5 45. Rd2
Rxd2 46. Kxd2 Be6 47. Kc3 Bxg4 48. Kd2 Kd4 49. Ke1 Ke3 50. Kf1 Bf3 51. Kg1 g4
52. Kh2 Ke2 53. Kg1 b5 54. Kh2 b4 55. Kg3 b3 56. Kh2 b2 57. Kg1 b1=Q+ 58. Kh2
Qh1+ 59. Kg3 Qg2+ 60. Kh4 a5 61. Kg5 a4 62. Kf5 a3 63. Kf4 Bd5 64. Ke5 Qe4+ 65.
Kd6 Kd3 66. Kc5 Qc4+ 67. Kd6 Ke4 68. Ke7 Bg8 69. Kd7 Kd5 70. Ke7 Qc6 71. Kd8
Qb7 72. Ke8 Ke6 73. Kd8 Qd7# 0-1

[Event "34. Copenhagen Open (Politiken Cup)"]
[Site "Elsinore"]
[Date "2012.07.30"]
[Round "4"]
[White "Matthiesen, Martin"]
[Black "Salgado Lopez, Ivan"]
[Result "0-1"]
[WhiteElo "2285"]
[BlackElo "2635"]
[PlyCount "54"]
[EventDate "2012.07.28"]
[EventType "swiss"]
[EventRounds "10"]
[EventCountry "DEN"]
[Source "ChessBase"]
[SourceDate "2012.08.24"]

1. d4 d5 2. c4 e6 3. Nc3 Bb4 4. Nf3 dxc4 5. e3 b5 6. a4 c6 7. Bd2 a5 8. Rb1 Qb6
9. b3 cxb3 10. axb5 a4 11. Ne5 Nf6 12. bxc6 O-O 13. Bd3 Nxc6 14. Nc4 Qb8 15.
O-O Bxc3 16. Bxc3 Nb4 17. Be2 Nbd5 18. Bb2 Ba6 19. Na3 Rc8 20. Bxa6 Rxa6 21.
Qd3 Rac6 22. h3 Nb4 23. Qe2 Nc2 24. Rbc1 h6 25. Qd2 Nd5 26. Qa5 Qb4 27. Qxb4
Ndxb4 0-1

[Event "34. Copenhagen Open (Politiken Cup)"]
[Site "Elsinore"]
[Date "2012.07.30"]
[Round "4"]
[White "Moller, Arne"]
[Black "Ananthan, Arunn"]
[Result "1/2-1/2"]
[WhiteElo "1895"]
[BlackElo "1696"]
[PlyCount "42"]
[EventDate "2012.07.28"]
[EventType "swiss"]
[EventRounds "10"]
[EventCountry "DEN"]
[Source "ChessBase"]
[SourceDate "2012.08.24"]

1. e4 c5 2. Nf3 Nc6 3. d4 cxd4 4. Nxd4 Nf6 5. Nc3 d6 6. Be2 g6 7. O-O Bg7 8.
Be3 O-O 9. Kh1 Bd7 10. f4 e5 11. Ndb5 Nd4 12. Nxd4 exd4 13. Bxd4 Bc6 14. Bf3
Re8 15. e5 dxe5 16. Bxe5 Qxd1 17. Raxd1 Bxf3 18. Rxf3 Rad8 19. Rxd8 Rxd8 20.
Rd3 Re8 21. Kg1 Ng4 1/2-1/2

[Event "34. Copenhagen Open (Politiken Cup)"]
[Site "Elsinore"]
[Date "2012.07.30"]
[Round "4"]
[White "Molvig, Julius"]
[Black "Hansen, Anders1"]
[Result "1-0"]
[WhiteElo "1905"]
[BlackElo "1711"]
[PlyCount "105"]
[EventDate "2012.07.28"]
[EventType "swiss"]
[EventRounds "10"]
[EventCountry "DEN"]
[Source "ChessBase"]
[SourceDate "2012.08.24"]

1. d4 d5 2. c4 e5 3. dxe5 d4 4. Nf3 Nc6 5. g3 Bb4+ 6. Nbd2 Be6 7. Qc2 Nge7 8.
a3 Bf5 9. Qb3 Ba5 10. Qd1 O-O 11. Bg2 Bb6 12. O-O h6 13. b4 a6 14. Bb2 Ng6 15.
c5 Ba7 16. Nb3 Rb8 17. Nbxd4 Be4 18. e6 Nxd4 19. exf7+ Kh8 20. Qxd4 Qxd4 21.
Nxd4 Bxg2 22. Kxg2 Rxf7 23. Rad1 Ne5 24. Ba1 Nc4 25. a4 Re8 26. e3 b5 27. axb5
axb5 28. Nxb5 Bb8 29. Rd4 c6 30. Nd6 Nxd6 31. cxd6 Rd7 32. Rc1 Rxd6 33. Rxd6
Bxd6 34. Rxc6 Bxb4 35. Rxh6+ Kg8 36. Rg6 Bf8 37. h4 Kf7 38. Rc6 Ra8 39. Bd4 Ra5
40. Rc7+ Kg6 41. g4 Ra4 42. f4 Ra2+ 43. Kf3 Ra6 44. h5+ Kh6 45. Rf7 Ra8 46. Kg3
Re8 47. Kh4 Kh7 48. g5 Kg8 49. g6 Re6 50. Kg4 Rc6 51. Kf5 Ra6 52. h6 gxh6 53.
Rh7 1-0

[Event "34. Copenhagen Open (Politiken Cup)"]
[Site "Elsinore"]
[Date "2012.07.30"]
[Round "4"]
[White "Mouritsen, Jan"]
[Black "Jacobsen, Caroline Beer"]
[Result "1/2-1/2"]
[WhiteElo "1822"]
[BlackElo "1587"]
[PlyCount "115"]
[EventDate "2012.07.28"]
[EventType "swiss"]
[EventRounds "10"]
[EventCountry "DEN"]
[Source "ChessBase"]
[SourceDate "2012.08.24"]

1. d4 Nf6 2. Nf3 e6 3. c4 b6 4. g3 Bb7 5. Bg2 d5 6. O-O c5 7. cxd5 exd5 8. Nc3
Be7 9. b3 O-O 10. Bb2 Nbd7 11. e3 Rc8 12. Bh3 a6 13. Ne5 c4 14. Na4 Bc6 15.
bxc4 dxc4 16. Nxc6 Rxc6 17. Qf3 Nb8 18. e4 b5 19. d5 Rc7 20. Nc3 b4 21. Ne2 c3
22. Bc1 Bd6 23. Be3 Re7 24. Bg5 Be5 25. Qd3 h6 26. Bxf6 Bxf6 27. f4 Qb6+ 28.
Kh1 g6 29. e5 Bg7 30. d6 Ree8 31. Qd4 Qb5 32. Qe4 Nd7 33. Bxd7 Qxd7 34. Nd4
Qxd6 35. exd6 Rxe4 36. Nc6 Rc4 37. Ne5 Rd4 38. Rad1 Rxd1 39. Rxd1 c2 40. Rc1 f6
41. Nxg6 Rd8 42. Rxc2 Rxd6 43. Ne7+ Kh7 44. Rc7 Rd8 45. Nf5 Rg8 46. Ra7 Kh8 47.
Rxa6 Rb8 48. Ra7 Bf8 49. Rf7 Kg8 50. Rxf6 Ra8 51. Rc6 Rxa2 52. Nd4 Ra3 53. Kg2
Bg7 54. Rc8+ Kf7 55. Rc7+ Kg8 56. Rc8+ Kf7 57. Rc7+ Kg8 58. Rc8+ 1/2-1/2

[Event "34. Copenhagen Open (Politiken Cup)"]
[Site "Elsinore"]
[Date "2012.07.30"]
[Round "4"]
[White "Nassetti, Francesco"]
[Black "Petersen, Jan Han"]
[Result "1-0"]
[WhiteElo "1843"]
[BlackElo "1632"]
[PlyCount "93"]
[EventDate "2012.07.28"]
[EventType "swiss"]
[EventRounds "10"]
[EventCountry "DEN"]
[Source "ChessBase"]
[SourceDate "2012.08.24"]

1. e4 c5 2. Nf3 d6 3. d4 cxd4 4. Nxd4 Nf6 5. Nc3 a6 6. Bg5 e6 7. f4 Be7 8. Qf3
O-O 9. O-O-O Nc6 10. Nxc6 bxc6 11. e5 Nd5 12. Bxe7 Qxe7 13. exd6 Qxd6 14. Ne4
Qxf4+ 15. Qxf4 Nxf4 16. Rd6 e5 17. Nc5 a5 18. Rxc6 Be6 19. Nxe6 Nxe6 20. g3
Rfc8 21. Rxc8+ Rxc8 22. Bh3 Re8 23. Bxe6 Rxe6 24. Rd1 f5 25. Rd5 f4 26. Kd2 f3
27. Ke3 e4 28. Rd2 Kf7 29. a4 Ke7 30. c3 Rd6 31. Rc2 Rf6 32. b4 axb4 33. cxb4
Kd7 34. b5 g5 35. g4 Rf8 36. a5 Rc8 37. Rd2+ Ke6 38. Kxe4 Rc4+ 39. Kxf3 Rc3+
40. Ke4 Ra3 41. a6 Ra4+ 42. Rd4 Ra5 43. Rb4 h6 44. b6 Kd6 45. b7 Re5+ 46. Kf3
Kc5 47. b8=Q 1-0

[Event "34. Copenhagen Open (Politiken Cup)"]
[Site "Elsinore"]
[Date "2012.07.30"]
[Round "4"]
[White "Nielsen, Hogni Egilstoft"]
[Black "Degerfeldt, Sven"]
[Result "1/2-1/2"]
[WhiteElo "2057"]
[BlackElo "1848"]
[PlyCount "40"]
[EventDate "2012.07.28"]
[EventType "swiss"]
[EventRounds "10"]
[EventCountry "DEN"]
[Source "ChessBase"]
[SourceDate "2012.08.24"]

1. e4 c5 2. c3 d5 3. exd5 Qxd5 4. d4 Nf6 5. Nf3 Bg4 6. Be2 cxd4 7. cxd4 Nc6 8.
Nc3 Qd6 9. d5 Bxf3 10. gxf3 Ne5 11. Qa4+ Ned7 12. Nb5 Qe5 13. Bf4 Qxb2 14. Nc7+
Kd8 15. O-O Qxe2 16. Nxa8 Qxf3 17. Rac1 Qg4+ 18. Kh1 Qf3+ 19. Kg1 Qg4+ 20. Kh1
Qf3+ 1/2-1/2

[Event "34. Copenhagen Open (Politiken Cup)"]
[Site "Elsinore"]
[Date "2012.07.30"]
[Round "4"]
[White "Nielsen, Jan Mose"]
[Black "Karlsson, Robin"]
[Result "1/2-1/2"]
[WhiteElo "2130"]
[BlackElo "1978"]
[PlyCount "95"]
[EventDate "2012.07.28"]
[EventType "swiss"]
[EventRounds "10"]
[EventCountry "DEN"]
[Source "ChessBase"]
[SourceDate "2012.08.24"]

1. d4 Nf6 2. c4 g6 3. Nc3 Bg7 4. e4 d6 5. f3 O-O 6. Be3 Nc6 7. Nge2 a6 8. Qd2
Rb8 9. h4 h5 10. Bh6 b5 11. Bxg7 Kxg7 12. Ng3 bxc4 13. Bxc4 e5 14. dxe5 Nxe5
15. Be2 c6 16. O-O Be6 17. b3 Qb6+ 18. Kh1 Rbd8 19. f4 Neg4 20. f5 Bc8 21. Bxg4
Nxg4 22. Qg5 Nf2+ 23. Rxf2 Qxf2 24. Rf1 Qd4 25. Nce2 Qb2 26. Nf4 Kh7 27. Nfxh5
gxh5 28. Qxh5+ Kg7 29. f6+ Qxf6 30. Rxf6 Kxf6 31. Qg5+ Ke6 32. Nf5 f6 33. Nd4+
Kf7 34. Qh5+ Kg7 35. Nf5+ Bxf5 36. exf5 Rd7 37. Qg6+ Kh8 38. Qh6+ Kg8 39. Qc1
Rc8 40. Qc4+ d5 41. Qxa6 Rcc7 42. Kh2 d4 43. Qd3 c5 44. Qg3+ Rg7 45. Qd6 Rgf7
46. Qg3+ Rg7 47. Qd6 Rgf7 48. Qg3+ 1/2-1/2

[Event "34. Copenhagen Open (Politiken Cup)"]
[Site "Elsinore"]
[Date "2012.07.30"]
[Round "4"]
[White "Nielsen, Jens Holm"]
[Black "Amarapala, Sherington"]
[Result "0-1"]
[WhiteElo "1914"]
[BlackElo "1732"]
[PlyCount "76"]
[EventDate "2012.07.28"]
[EventType "swiss"]
[EventRounds "10"]
[EventCountry "DEN"]
[Source "ChessBase"]
[SourceDate "2012.08.24"]

1. f4 d5 2. Nf3 c5 3. e3 Nc6 4. Bb5 Bd7 5. Bxc6 Bxc6 6. O-O g6 7. d3 Bg7 8. Ne5
Nf6 9. Nd2 O-O 10. Ndf3 Nd7 11. Qe1 Nxe5 12. Nxe5 Qd6 13. Qg3 b6 14. b3 Bb7 15.
Bb2 d4 16. Nc4 Qd7 17. e4 Rac8 18. h4 h6 19. Nd2 Kh7 20. Rae1 Rg8 21. Nf3 f6
22. Bc1 f5 23. Qh3 Rcf8 24. Ng5+ Kh8 25. exf5 gxf5 26. Rf2 Rf6 27. Nf3 Rg6 28.
Rfe2 Bf6 29. Rf2 Rg3 30. Qh2 Bxf3 31. Rxf3 Rxf3 32. Re2 Rfg3 33. Bd2 R3g4 34.
Be1 Qd6 35. g3 Bxh4 36. Kf1 Bxg3 37. Qh5 Qxf4+ 38. Rf2 Bxf2 0-1

[Event "34. Copenhagen Open (Politiken Cup)"]
[Site "Elsinore"]
[Date "2012.07.30"]
[Round "4"]
[White "Nielsen, Klaus"]
[Black "Hedman, Erik"]
[Result "0-1"]
[WhiteElo "2069"]
[BlackElo "2381"]
[PlyCount "64"]
[EventDate "2012.07.28"]
[EventType "swiss"]
[EventRounds "10"]
[EventCountry "DEN"]
[Source "ChessBase"]
[SourceDate "2012.08.24"]

1. d4 Nf6 2. Nf3 c5 3. d5 e6 4. Nc3 exd5 5. Nxd5 Nxd5 6. Qxd5 Nc6 7. c3 d6 8.
g3 Be6 9. Qd3 Be7 10. Bg2 h6 11. O-O O-O 12. b3 Bf6 13. Bb2 d5 14. Rfd1 Qb6 15.
Qc2 Rfe8 16. e3 Rac8 17. Rab1 Qa5 18. a4 d4 19. c4 Nb4 20. Qd2 Bf5 21. exd4
Bxb1 22. Rxb1 Nc6 23. Bc3 Qc7 24. dxc5 Rcd8 25. Qb2 Bxc3 26. Qxc3 Qa5 27. b4
Qxa4 28. Nh4 Rd1+ 29. Rxd1 Qxd1+ 30. Bf1 Re1 31. Kg2 Rxf1 32. Nf5 Rg1+ 0-1